000 01107nam a22002777a 4500
005 20100918105748.0
008 100918t xxu||||| |||| 00| 0 mar d
010 _aMAR-20289
020 _c150.00
035 _aMR-12947
037 _bDBAD/PUB
040 _aDPL
_bMR
082 _a891.463
100 _920631
_aकुलकर्णी,अनिल वसंतराव
245 _aजिद्द/
_cअनिल वसंतराव कुलकर्णी
246 _aJidda
_bby Anil Vasantrao Kulkani
260 _aऔरंगाबाद
_bसमर्त उद्योग
_c2010
270 _a5 इंदिरा अर्पाटमेंट
_bऔरंगाबाद
300 _a240पृ
_c21 सेमी (अजिल्द)
650 _920632
_aमराठी कादंबरी
650 _920633
_aMarathi Fiction
700 _921188
700 _921189
942 _2ddc
_cMR
_mसोनाव
999 _c47711
_d47711